| 000 | 00517nam a2200181Ia 4500 | ||
|---|---|---|---|
| 008 | 230917s9999||||xx |||||||||||||| ||und|| | ||
| 020 | _cRS525 | ||
| 040 |
_e244951 _aMAIN |
||
| 041 | _aEnglish | ||
| 082 | _a829.443 B299G:S | ||
| 100 | _aBasu, Bani | ||
| 245 | 0 | _aGandharvi: Life of a musician: Translated from Bengali | |
| 250 | _alatest edition/print ed. | ||
| 260 |
_aTelangana _bOrient Blackswan _c2017 |
||
| 300 | _axix, 267 p. | ||
| 500 | _a3008 23/01/2018 HBD18/7219 13/02/2018 Main Budget | ||
| 942 | _cBK | ||
| 999 |
_c25463 _d25463 |
||